Statistics for NCAA College Teams by State: Vermont

Click here to take the quiz!

General Stats

  • This quiz has been taken 13 times
  • The average score is 4 of 7

Answer Stats

% Correct
Division I-AAVermontCatamounts
100%
Division IIIMiddleburyPanthers
69%
Division IISaint Michael'sPurple Knights
69%
Division IIICastletonSpartans
62%
Division IIIJohnsonBadgers
38%
Division IIILyndonHornets
38%
Division IIINorwichCadets
38%

Score Distribution

Percentile by Number Answered

Percent of People with Each Score

Your Score History

You have not taken this quiz